000
00235 a2200097 4500
001
13407
100
_a
Tierney, B
245
_a
Great issues in western civilizations
260
_a
New York
_b
Columbia university
_c
090
_c
10420
_d
10420
942
_a
NUST-CAE
_c
M
_c
471
999
_c
248480
_d
248480